000 00565nam a2200193 a 4500
005 20260322212043.0
008 data
020 _a9781628600544
092 _a613.2 Har 2012
100 1 _aHartwig, Dallas
245 1 0 _aIt starts with food/
_cDallas Hartwig & Melissa Hartwing.
260 _aLas Vegas :
_bVictory Belt Pub. ; Enfield : Publishers Group UK [distributor], ;
_c2012.
300 _a320 pages : illustrations (some color) ;
_b24 cm
650 0 _aNutrition
650 0 _aWeight loss
650 0 _aFood habits
700 1 _aHartwing, Melissa
001 data
999 _c1019
_d1019